000
00211 a2200097 4500
001
1515
100
_a
IOM
245
_a
Effect of surface on the behaviour of metals
260
_a
_b
Iliffe
_c
090
_c
1056
_d
1056
942
_a
NUST-CAE
_c
M
_c
625
999
_c
236588
_d
236588